01230nam a2200277 i 4500003000900000005001700009007000300026008004100029040003000070082002000100100006600120245011700186264005600303300004000359336002700399337003300426338002800459500010000487505010800587590002700695700004900722910001400771942001400785952013600799999001700935DO-SdBNP20250616143213.0ta190724s2012 dr o 000 spa d aDO-SdBNPbspacBNPHUerda axxxxbD925b2221 aDunoyer de Segonzac, André J976493d1884-1974eautor4aut. 0aBásilica nuestra señora de la Altragracia /cAndrè J. Dunoyer de Segonzac ; fotografías Ricardo Briones  1aSanto Domingo :bEditora Amigo del Hogar, c[2012]. a101 páginasbfotografíasc28 cm atextobtxt2rdacontent asin mediaciónbn2rdamedia avolumenbnc2rdacarrier aPublicación del museo de La Altagracia en ocasión de su inauguración 26 de julio de 2012. tVidrieras --tPinturas murales --tRetablo --tAltar mayor --tMosaicos --tCampanario --tCarillón / aInventariado, 2025/ YL aBriones, Ricardo efotógrafo 4fot.959135 aYLockward 2ddccLBS1 00102ddc51708PD-RaBNPHUbBNPHUcCTd2022-03-24eDonación l0oBNPHU R-PD xxxx D925bp2025-5295r2025-06-16w2025-06-16yLBS1 c59298d59298